| 000 | 01106nam a22003377a 4500 | ||
|---|---|---|---|
| 003 | CHAP | ||
| 005 | 20220329141222.0 | ||
| 008 | 971010s1958 r 00010 d | ||
| 010 | _a64572 | ||
| 011 | _a65544 | ||
| 035 | _a72469 | ||
| 040 | _cCHAP | ||
| 082 |
_a581.97281 _bS8 |
||
| 100 | 0 | 0 |
_aStandley, Paul Carpenter. _9109441 |
| 245 | _aFlora of Guatemala | ||
| 260 |
_aChicago : _bChicago Natural History Museum, _c1958 |
||
| 300 | _av | ||
| 490 |
_aFieldiana: Botany _v; 24 |
||
| 500 | _aLa biblioteca tiene: v.1 -- v.7, núm. 1 | ||
| 590 |
_aBATCH-UPD _b10 _c20130110 _lUCH01 _h0629 |
||
| 590 |
_aBATCH-UPD _b10 _c20130410 _lUCH01 _h0312 |
||
| 590 |
_aBATCH-UPD _b10 _c20130914 _lUCH01 _h0735 |
||
| 590 |
_aCONVERSION _b10 _c20130109 _lUCH01 _h1335 |
||
| 650 | 1 | 4 |
_aBotánica _xGuatemala. _914547 |
| 700 | 0 |
_aChicago Natural History Museum. _922261 |
|
| 830 | 0 |
_aFieldiana: Botany _v; 24 _940760 |
|
| 901 | _aBK | ||
| 942 | _cLIBRO | ||
| 949 |
_a581.97281 S8 _bBC _cLIBRO _d-153712 _eLIBRO _fv.7 num.1 _h15436 _i72469 _si |
||
| 949 |
_a581.97281 S8 _bBC _cLIBRO _d33724000356168 _eLIBRO _fv.1 _h29902 _i72469 _si |
||
| 999 |
_c64572 _d64572 |
||